[Event "HUN-chT2 Szechenyi 2324"]
[Site "Hungary"]
[Date "2024.04.07"]
[Round "7.5"]
[White "Bencze, Balazs Dominik"]
[Black "Kirchner, Peter"]
[Result "1/2-1/2"]
[WhiteElo "1857"]
[BlackElo "1971"]
[PlyCount "65"]
[EventDate "2023.10.08"]
[EventType "team-tourn"]
[EventRounds "9"]
[EventCountry "HUN"]
[SourceTitle "EXT 2025"]
[Source "ChessBase"]
[SourceDate "2024.10.14"]
[SourceVersion "1"]
[SourceVersionDate "2024.10.14"]
[SourceQuality "1"]
[WhiteTeam "Tapolca VSE II"]
[BlackTeam "Csuti Baki Agrocentrum"]
[WhiteTeamCountry "HUN"]
[BlackTeamCountry "HUN"]

1. c4 Nf6 2. g3 g6 3. Bg2 Bg7 4. Nc3 c6 5. d3 d5 6. cxd5 cxd5 7. Nf3 Nc6 8. d4 0-0 9. 0-0 a6 10. Ne5 e6 11. Nxc6 bxc6 12. Bg5 h6 13. Bxf6 Bxf6 14. Na4 e5 15. e3 exd4 16. exd4 Bf5 17. Nc5 Qb6 18. Qd2 Rab8 19. b3 Be7 20. Rac1 Bg5 21. f4 Be7 22. Rfe1 Bd6 23. Rc3 Rfe8 24. Rxe8+ Rxe8 25. Re3 Rxe3 26. Qxe3 Bxc5 27. dxc5 Qd8 28. Qe5 f6 29. Qd4 Qe7 30. Kf2 Kf7 31. b4 Qa7 32. a4 Qb7 33. Qd2 1/2-1/2

[Event "HUN-chT2 Szechenyi 2324"]
[Site "Hungary"]
[Date "2024.03.03"]
[Round "5.2"]
[White "Kirchner, Peter"]
[Black "Joo, Gabor"]
[Result "0-1"]
[WhiteElo "1992"]
[BlackElo "1976"]
[PlyCount "128"]
[EventDate "2023.10.08"]
[EventType "team-tourn"]
[EventRounds "9"]
[EventCountry "HUN"]
[SourceTitle "EXT 2025"]
[Source "ChessBase"]
[SourceDate "2024.10.14"]
[SourceVersion "1"]
[SourceVersionDate "2024.10.14"]
[SourceQuality "1"]
[WhiteTeam "Csuti Baki Agrocentrum"]
[BlackTeam "Haladas Szombathely III"]
[WhiteTeamCountry "HUN"]
[BlackTeamCountry "HUN"]

1. Nc3 g6 2. e4 Bg7 3. d4 d6 4. f4 e6 5. Nf3 Ne7 6. Be3 0-0 7. Qd2 Nd7 8. g4 b6 9. Bg2 Bb7 10. g5 d5 11. e5 Nf5 12. Bf2 c5 13. Ne2 cxd4 14. Nfxd4 Nc5 15. Nc3 Ne4 16. Nxe4 dxe4 17. 0-0 Qd7 18. Rfe1 Rfd8 19. c3 h6 20. h4 e3 21. Rxe3 Nxe3 22. Bxe3 h5 23. a3 Rac8 24. Bxb7 Qxb7 25. Qg2 Qxg2+ 26. Kxg2 Bf8 27. Kf3 a6 28. Ke4 Bc5 29. b4 Be7 30. Kd3 Rc7 31. Kc2 Rdc8 32. Ne2 b5 33. Bd4 Rc6 34. Nc1 a5 35. Kb3 Ra8 36. Rb1 axb4 37. axb4 Rca6 38. Rb2 Ra3+ 39. Kc2 Rc8 40. Nd3 Ra1 41. Rb1 Rxb1 42. Kxb1 Kf8 43. Bc5 Bxc5 44. Nxc5 Ke7 45. Kc2 Ra8 46. Kb2 Ra7 47. Ne4 Kd7 48. Nd6 Kc6 49. Kb3 Ra1 50. c4 bxc4+ 51. Kxc4 Rf1 52. b5+ Kb6 53. Nc8+ Kc7 54. Nd6 Rxf4+ 55. Kc5 Rf1 56. b6+ Kd7 57. Kb5 Rb1+ 58. Kc5 Rc1+ 59. Kb5 Rh1 60. Kc5 Rxh4 61. Nb5 Re4 62. b7 Rxe5+ 63. Kb6 Rxb5+ 64. Kxb5 Kc7 0-1

[Event "HUN-chT2 Szechenyi 1011"]
[Site "Hungary"]
[Date "2011.05.15"]
[Round "11.8"]
[White "Kirchner, Peter"]
[Black "Horvath, Lajos1"]
[Result "1-0"]
[WhiteElo "1785"]
[BlackElo "1900"]
[PlyCount "63"]
[EventDate "2010.09.12"]
[EventType "team-tourn"]
[EventRounds "11"]
[EventCountry "HUN"]
[SourceTitle "EXT 2012"]
[Source "ChessBase"]
[SourceDate "2011.11.24"]
[SourceVersion "1"]
[SourceVersionDate "2011.11.24"]
[SourceQuality "1"]
[WhiteTeam "Zala Volan"]
[BlackTeam "Spartacus"]
[WhiteTeamCountry "HUN"]
[BlackTeamCountry "HUN"]

1. e4 e6 2. Nc3 d5 3. Nf3 dxe4 4. Nxe4 Nf6 5. Nxf6+ Qxf6 6. d4 c5 7. Bg5 Qf5 8. dxc5 f6 9. Be3 Bxc5 10. Bd3 Qh5 11. g4 Qd5 12. Bb5+ Bd7 13. Qxd5 exd5 14. Bxd7+ Nxd7 15. Bxc5 Nxc5 16. 0-0-0 0-0-0 17. Nd4 Rhe8 18. Rhe1 Ne4 19. f3 Nf2 20. Rxe8 Rxe8 21. Rf1 Nh3 22. Nf5 Re2 23. Nxg7 Rxh2 24. Ne8 Nf4 25. Nxf6 Ne2+ 26. Kd1 Nf4 27. Re1 h5 28. gxh5 Nxh5 29. Re8+ Kc7 30. Rh8 Rh1+ 31. Kd2 Rh2+ 32. Kc3 1-0

[Event "HUN-chT2 Szechenyi 1011"]
[Site "Hungary"]
[Date "2010.09.26"]
[Round "2.8"]
[White "Pal, Csanad"]
[Black "Kirchner, Peter"]
[Result "0-1"]
[WhiteElo "1832"]
[BlackElo "1785"]
[PlyCount "100"]
[EventDate "2010.09.12"]
[EventType "team-tourn"]
[EventRounds "11"]
[EventCountry "HUN"]
[SourceTitle "EXT 2012"]
[Source "ChessBase"]
[SourceDate "2011.11.24"]
[SourceVersion "1"]
[SourceVersionDate "2011.11.24"]
[SourceQuality "1"]
[WhiteTeam "HVSE Infraplan"]
[BlackTeam "Zala Volan"]
[WhiteTeamCountry "HUN"]
[BlackTeamCountry "HUN"]

1. e4 d6 2. d4 Nf6 3. Nc3 g6 4. Nf3 Bg7 5. h3 0-0 6. Bd3 c6 7. 0-0 Qc7 8. Bf4 Nbd7 9. Qd2 Nh5 10. Bh6 e5 11. Bxg7 Kxg7 12. d5 c5 13. a3 Nf4 14. Ne2 Nxd3 15. Qxd3 b5 16. c4 bxc4 17. Qxc4 Qb6 18. Rab1 a5 19. b4 cxb4 20. axb4 Ba6 21. b5 Rfc8 22. Qd3 Bb7 23. h4 Nc5 24. Qe3 Rc7 25. Nd2 Nd7 26. Qd3 Rac8 27. Rfc1 Rxc1+ 28. Rxc1 Rxc1+ 29. Nxc1 Nc5 30. Qb1 f5 31. exf5 Bxd5 32. fxg6 hxg6 33. Nd3 Ne4 34. Nxe4 Bxe4 35. Qb3 Kf6 36. Nb2 Bc6 37. Nc4 Qxb5 38. Qxb5 Bxb5 39. Nxa5 e4 40. f3 e3 41. Nb3 Ke5 42. g4 Bc4 43. Nc1 d5 44. h5 g5 45. h6 Kf6 46. f4 gxf4 47. g5+ Kg6 48. Kg2 e2 49. Nxe2 Bxe2 50. Kf2 Bg4 0-1

[Event "HUN-chT2 Szechenyi 0910"]
[Site "Hungary"]
[Date "2010.02.28"]
[Round "7.10"]
[White "Toth, Laszlo"]
[Black "Kirchner, Peter"]
[Result "0-1"]
[WhiteElo "1822"]
[BlackElo "2064"]
[PlyCount "104"]
[EventDate "2009.11.08"]
[EventType "team-tourn"]
[EventRounds "11"]
[EventCountry "HUN"]
[SourceTitle "EXT 2011"]
[Source "ChessBase"]
[SourceDate "2010.11.26"]
[SourceVersion "1"]
[SourceVersionDate "2010.11.26"]
[SourceQuality "1"]
[WhiteTeam "Lovo"]
[BlackTeam "Zala Volan"]
[WhiteTeamCountry "HUN"]
[BlackTeamCountry "HUN"]

1. d4 Nf6 2. c4 g6 3. Nc3 d5 4. cxd5 Nxd5 5. e4 Nxc3 6. bxc3 c5 7. Nf3 Bg7 8. Bb5+ Bd7 9. Bxd7+ Qxd7 10. 0-0 0-0 11. Be3 Nc6 12. d5 Ne5 13. Nxe5 Bxe5 14. Qc2 Bg7 15. Rad1 b6 16. c4 e6 17. h3 Rfd8 18. Bg5 Re8 19. Be3 Rad8 20. Bg5 Rc8 21. Be3 a6 22. a4 b5 23. dxe6 Qxe6 24. cxb5 Qxe4 25. Qxe4 Rxe4 26. bxa6 Rxa4 27. Rd5 Bf8 28. Rfd1 Rxa6 29. Rd8 Raa8 30. Rxc8 Rxc8 31. Rc1 f6 32. Kf1 Kf7 33. Ke2 Ke6 34. Rc4 Kd5 35. Rh4 Rc7 36. Ra4 Bd6 37. g3 Be5 38. Kd3 f5 39. Rc4 Bd6 40. Ra4 Rb7 41. Kc2 Be5 42. Bc1 Bd4 43. f3 Rb4 44. Ra8 Rc4+ 45. Kd1 Rc3 46. Rd8+ Kc4 47. Bf4 Rxf3 48. Ke2 Rf2+ 49. Ke1 Rh2 50. h4 Kd3 51. Kf1 Rf2+ 52. Ke1 Rg2 0-1

[Event "HUN-chT2 Szechenyi 0910"]
[Site "Hungary"]
[Date "2009.12.06"]
[Round "3.9"]
[White "Nagy, Tibor"]
[Black "Kirchner, Peter"]
[Result "0-1"]
[WhiteElo "1843"]
[BlackElo "2064"]
[PlyCount "52"]
[EventDate "2009.11.08"]
[EventType "team-tourn"]
[EventRounds "11"]
[EventCountry "HUN"]
[SourceTitle "EXT 2011"]
[Source "ChessBase"]
[SourceDate "2010.11.26"]
[SourceVersion "1"]
[SourceVersionDate "2010.11.26"]
[SourceQuality "1"]
[WhiteTeam "FKMK"]
[BlackTeam "Zala Volan"]
[WhiteTeamCountry "HUN"]
[BlackTeamCountry "HUN"]

1. e4 d6 2. Nf3 Nf6 3. Nc3 g6 4. d4 Bg7 5. Bd3 Nc6 6. Ne2 0-0 7. c3 e5 8. d5 Ne7 9. Nd2 Nh5 10. 0-0 f5 11. exf5 gxf5 12. f4 Nxd5 13. Bc4 c6 14. Nf3 Be6 15. Ng5 Qd7 16. fxe5 dxe5 17. a4 Nhf6 18. Ng3 f4 19. Nh5 Bg4 20. Nxf6+ Bxf6 21. Nf3 e4 22. h3 Bxf3 23. gxf3 e3 24. Kh2 Kh8 25. b4 Rg8 26. b5 Rg3 0-1

[Event "HUN-chT2 Szechenyi 0809"]
[Site "Hungary"]
[Date "2009.02.22"]
[Round "8.7"]
[White "Bali, Eszter"]
[Black "Kirchner, Peter"]
[Result "1-0"]
[WhiteElo "1979"]
[BlackElo "2070"]
[PlyCount "149"]
[EventDate "2008.10.26"]
[EventType "tourn"]
[EventRounds "11"]
[EventCountry "HUN"]
[SourceTitle "EXT 2010"]
[Source "ChessBase"]
[SourceDate "2010.11.25"]
[SourceVersion "1"]
[SourceVersionDate "2010.11.25"]
[SourceQuality "1"]
[WhiteTeam "Baki Agrocentrum"]
[BlackTeam "Zala Volan"]
[WhiteTeamCountry "HUN"]
[BlackTeamCountry "HUN"]

1. e4 d6 2. d4 Nf6 3. Bd3 g6 4. Be3 Bg7 5. Nc3 0-0 6. Nf3 Nc6 7. d5 Nb8 8. Nb5 c5 9. dxc6 bxc6 10. Nbd4 Ng4 11. c3 Nxe3 12. fxe3 c5 13. Ne2 Ba6 14. Nf4 Qb6 15. Rb1 c4 16. Nd5 Qc5 17. Nxe7+ Kh8 18. Bc2 Qxe3+ 19. Kf1 Qc5 20. Qd5 Nd7 21. Ke2 Rae8 22. Qxc5 Nxc5 23. Nd5 Nxe4 24. Bxe4 Rxe4+ 25. Kf2 Bb7 26. Ne3 Rfe8 27. Rhe1 Bh6 28. Nxc4 Rd8 29. Rxe4 Bxe4 30. Rd1 d5 31. Ne3 Rb8 32. b3 Rc8 33. Nxd5 Bxd5 34. Rxd5 Rxc3 35. Ne5 Rc7 36. Nc4 Kg7 37. Kf3 Kf6 38. Ke4 Bg7 39. Rd6+ Ke7 40. Kd5 Bc3 41. a3 a5 42. h3 Rb7 43. Rb6 Rxb6 44. Nxb6 f5 45. Kc4 Be1 46. Kd3 Ke6 47. Nc4 Kd5 48. Nb6+ Ke5 49. Ke3 g5 50. Nd7+ Kd6 51. Nf6 h6 52. Ng8 h5 53. Nf6 h4 54. Nh7 g4 55. Nf6 Bc3 56. Ne8+ Ke5 57. Nc7 f4+ 58. Ke2 gxh3 59. gxh3 Ke4 60. Ne6 Ke5 61. Ng5 Kf5 62. Nf3 Bf6 63. Kd3 Be7 64. Nd4+ Kg5 65. Ke4 Bxa3 66. Nf3+ Kh5 67. Kxf4 Bc1+ 68. Kf5 Be3 69. Ne5 Bd4 70. Nd3 Be3 71. Nf4+ Bxf4 72. Kxf4 Kg6 73. Kg4 Kf6 74. Kxh4 Kf5 75. Kg3 1-0

[Event "HUN-chT2 Szechenyi 0405"]
[Site "Hungary"]
[Date "2004.10.10"]
[Round "2"]
[White "Kirchner, Peter"]
[Black "Toth, Laszlo4"]
[Result "1-0"]
[WhiteElo "2064"]
[BlackElo "2265"]
[PlyCount "97"]
[EventDate "2004.09.26"]
[EventType "team-tourn"]
[EventRounds "11"]
[EventCountry "HUN"]
[SourceTitle "EXT 2009"]
[Source "ChessBase"]
[SourceDate "2008.11.26"]
[SourceVersion "1"]
[SourceVersionDate "2008.11.26"]
[SourceQuality "1"]
[WhiteTeam "Zala Volan"]
[BlackTeam "Lovo"]
[WhiteTeamCountry "HUN"]
[BlackTeamCountry "HUN"]

1. e4 c5 2. c3 d6 3. d4 cxd4 4. cxd4 g6 5. Nf3 Bg7 6. Bc4 e6 7. Nc3 a6 8. a4 Ne7 9. Ba2 0-0 10. Be3 d5 11. exd5 Nxd5 12. Nxd5 exd5 13. Qb3 Nc6 14. Qxd5 Qxd5 15. Bxd5 Nb4 16. Be4 f5 17. Bb1 f4 18. Bd2 Re8+ 19. Kd1 a5 20. h3 Be6 21. Bc3 Rad8 22. Re1 Bd5 23. Rxe8+ Rxe8 24. Ne1 Bc4 25. f3 Rd8 26. Kd2 Bf1 27. Nd3 Bxg2 28. Nxf4 Bxf3 29. Ne6 Rd7 30. Nxg7 Kxg7 31. Bxb4 axb4 32. Ba2 Bg2 33. Kd3 Bxh3 34. d5 Rc7 35. Bc4 Kf6 36. Kd4 b6 37. a5 bxa5 38. Rxa5 Bd7 39. Ra6+ Kg5 40. Rb6 h5 41. Bd3 Be8 42. Rxb4 h4 43. d6 Rc1 44. Rb7 h3 45. Rh7 Kg4 46. Rh8 Re1 47. Be4 Kg3 48. Rxe8 h2 49. Rh8 1-0

[Event "HUN-chT2 Szechenyi 0304"]
[Site "Hungary"]
[Date "2004.04.18"]
[Round "11"]
[White "Gergacz, Attila"]
[Black "Kirchner, Peter"]
[Result "1-0"]
[WhiteElo "1959"]
[BlackElo "2027"]
[PlyCount "159"]
[EventDate "2003.09.28"]
[EventType "team-tourn"]
[EventRounds "11"]
[EventCountry "HUN"]
[SourceTitle "EXT 2009"]
[Source "ChessBase"]
[SourceDate "2008.11.26"]
[SourceVersion "1"]
[SourceVersionDate "2008.11.26"]
[SourceQuality "1"]
[WhiteTeam "Sarvar"]
[BlackTeam "Zala Volan"]
[WhiteTeamCountry "HUN"]
[BlackTeamCountry "HUN"]

1. e4 d6 2. d4 Nf6 3. Nc3 g6 4. f4 Bg7 5. Nf3 0-0 6. h3 d5 7. Bd3 dxe4 8. Nxe4 Nxe4 9. Bxe4 Nd7 10. c3 Nf6 11. Bc2 b6 12. 0-0 Bb7 13. Qe2 e6 14. Bd2 Qd6 15. Rad1 Nh5 16. Qe3 Bh6 17. Ne5 Qd5 18. Qf2 Qxa2 19. g4 Qd5 20. Qh2 Nf6 21. g5 Bg7 22. gxf6 Bxf6 23. Rde1 Qd6 24. Be4 c6 25. Qg2 Rac8 26. Kh1 Bg7 27. Rg1 Rc7 28. Nc4 Qd7 29. Ne5 Qd6 30. h4 Qe7 31. Qg3 f6 32. Nd3 f5 33. Bf3 Bf6 34. Ne5 Kh8 35. Re2 Bxh4 36. Qh3 Rg8 37. Rh2 g5 38. fxg5 Bxg5 39. Bxg5 Rxg5 40. Rxg5 Qxg5 41. Qxh7+ Rxh7 42. Nf7+ Kg8 43. Nxg5 Re7 44. Re2 Bc8 45. Bxc6 Kg7 46. Kg2 Kf6 47. Nf3 Rg7+ 48. Kf2 Ba6 49. Re1 Rc7 50. Ne5 Rh7 51. Rh1 Rg7 52. Ra1 Bc8 53. c4 Rh7 54. Rh1 Rg7 55. b4 Bb7 56. Bxb7 Rxb7 57. Rh6+ Kg5 58. Rxe6 Rh7 59. Ke3 Rh3+ 60. Nf3+ Kh5 61. Rf6 Rh1 62. Rxf5+ Kg6 63. Rg5+ Kf6 64. Rg1 Rh8 65. d5 Re8+ 66. Kd4 Re2 67. Re1 Rb2 68. Re6+ Kf7 69. Ne5+ Kf8 70. Nc6 Ra2 71. Re7 a5 72. bxa5 bxa5 73. d6 a4 74. Kc3 Ra1 75. d7 Rd1 76. Re8+ Kf7 77. Nd4 a3 78. d8Q a2 79. Qe7+ Kg6 80. Rg8+ 1-0

[Event "HUN-chT2 Szechenyi 0304"]
[Site "Hungary"]
[Date "2004.02.22"]
[Round "8"]
[White "Kirchner, Peter"]
[Black "Mihalyfi, Gabor"]
[Result "1/2-1/2"]
[WhiteElo "2027"]
[BlackElo "2143"]
[PlyCount "84"]
[EventDate "2003.09.28"]
[EventType "team-tourn"]
[EventRounds "11"]
[EventCountry "HUN"]
[SourceTitle "EXT 2009"]
[Source "ChessBase"]
[SourceDate "2008.11.26"]
[SourceVersion "1"]
[SourceVersionDate "2008.11.26"]
[SourceQuality "1"]
[WhiteTeam "Zala Volan"]
[BlackTeam "Ajka Banyasz"]
[WhiteTeamCountry "HUN"]
[BlackTeamCountry "HUN"]

1. e4 e6 2. Qe2 c5 3. Nf3 Nc6 4. g3 d5 5. exd5 Qxd5 6. Nc3 Qd8 7. Bg2 Nf6 8. 0-0 Be7 9. Rd1 0-0 10. Ne4 Nxe4 11. Qxe4 Bf6 12. c3 e5 13. d3 Qe7 14. d4 cxd4 15. cxd4 Qb4 16. Nxe5 Nxe5 17. dxe5 Qxe4 18. Bxe4 Bxe5 19. Rd5 Bf6 20. Rb5 Re8 21. f3 a6 22. Rb4 Be7 23. Rb3 Bc5+ 24. Be3 Bxe3+ 25. Rxe3 f5 26. Bd5+ Kf8 27. Kf2 Rxe3 28. Kxe3 Ke7 29. Kd4 Kd6 30. Re1 Bd7 31. Bxb7 Rb8 32. Bxa6 Rxb2 33. Re2 Rb1 34. Bc4 g5 35. Kc3 Rc1+ 36. Rc2 Re1 37. Rd2+ Kc7 38. Rd5 Be6 39. Rd4 Bd7 40. h4 Rg1 41. hxg5 Rxg3 42. Be2 Rxg5 1/2-1/2

[Event "HUN-chT2 Szechenyi 0304"]
[Site "Hungary"]
[Date "2004.01.25"]
[Round "6"]
[White "Kirchner, Peter"]
[Black "Hegedus, Gyula"]
[Result "0-1"]
[WhiteElo "2027"]
[BlackElo "2168"]
[PlyCount "60"]
[EventDate "2003.09.28"]
[EventType "team-tourn"]
[EventRounds "11"]
[EventCountry "HUN"]
[SourceTitle "EXT 2009"]
[Source "ChessBase"]
[SourceDate "2008.11.26"]
[SourceVersion "1"]
[SourceVersionDate "2008.11.26"]
[SourceQuality "1"]
[WhiteTeam "Zala Volan"]
[BlackTeam "Lovo"]
[WhiteTeamCountry "HUN"]
[BlackTeamCountry "HUN"]

1. e4 c5 2. c3 Nf6 3. e5 Nd5 4. d4 cxd4 5. Nf3 b6 6. cxd4 Bb7 7. Bc4 e6 8. 0-0 Be7 9. Qe2 0-0 10. Bd2 f6 11. Nc3 Nxc3 12. Bxc3 Kh8 13. Rad1 a6 14. d5 b5 15. Bb3 b4 16. Be1 Qb6 17. dxe6 dxe6 18. Nd4 fxe5 19. Nxe6 Re8 20. Qxe5 Bf6 21. Qc7 Rxe6 22. Bxe6 Qxc7 23. Bxb4 Qb6 24. Bd6 Nc6 25. b3 Nd4 26. Bg3 Qxe6 27. Rfe1 Qd5 28. f3 Nxf3+ 29. gxf3 Qxf3 30. Rd2 Bd4+ 0-1

[Event "HUN-chT2 Szechenyi 0304"]
[Site "Hungary"]
[Date "2003.11.30"]
[Round "4"]
[White "Kirchner, Peter"]
[Black "Mezei, Zsolt"]
[Result "1-0"]
[WhiteElo "2027"]
[BlackElo "2100"]
[PlyCount "95"]
[EventDate "2003.09.28"]
[EventType "team-tourn"]
[EventRounds "11"]
[EventCountry "HUN"]
[SourceTitle "EXT 2009"]
[Source "ChessBase"]
[SourceDate "2008.11.26"]
[SourceVersion "1"]
[SourceVersionDate "2008.11.26"]
[SourceQuality "1"]
[WhiteTeam "Zala Volan"]
[BlackTeam "Veszprem"]
[WhiteTeamCountry "HUN"]
[BlackTeamCountry "HUN"]

1. e4 e6 2. Qe2 Nc6 3. Nf3 g6 4. d4 d5 5. exd5 Qxd5 6. c4 Qf5 7. a3 Bg7 8. Be3 Nf6 9. Nc3 0-0 10. g3 e5 11. d5 Na5 12. Nd2 Qc2 13. Rb1 Bf5 14. Qd1 b6 15. Qxc2 Bxc2 16. Rc1 Bb3 17. Nb5 Ne8 18. Bg2 Nd6 19. Nxd6 cxd6 20. Nxb3 Nxb3 21. Rc3 Nd4 22. Bxd4 exd4 23. Rd3 Rac8 24. b3 b5 25. cxb5 Rc1+ 26. Kd2 Rxh1 27. Bxh1 Rc8 28. a4 Kf8 29. b4 Rc3 30. a5 Rc7 31. a6 Ke7 32. Ra3 Rc8 33. Bg2 Rb8 34. Bf1 Kd7 35. Bc4 f5 36. Kd3 Kc7 37. Ra2 Re8 38. Bb3 Kb6 39. Ba4 Re7 40. Rc2 Rc7 41. Rc6+ Rxc6 42. dxc6 g5 43. Kc4 Be5 44. Bc2 h6 45. Bxf5 Kc7 46. Bd3 h5 47. Kd5 h4 48. Ke6 1-0

[Event "HUN-chT2 Szechenyi 0203"]
[Site "Hungary"]
[Date "2003.04.13"]
[Round "11"]
[White "Kirchner, Peter"]
[Black "Olah, Jozsef"]
[Result "1-0"]
[WhiteElo "2004"]
[BlackElo "1999"]
[PlyCount "35"]
[EventDate "2002.09.22"]
[EventType "team-tourn"]
[EventRounds "11"]
[EventCountry "HUN"]
[SourceTitle "EXT 2009"]
[Source "ChessBase"]
[SourceDate "2008.11.26"]
[SourceVersion "1"]
[SourceVersionDate "2008.11.26"]
[SourceQuality "1"]

1. e4 c5 2. c3 d5 3. exd5 Qxd5 4. d4 Nc6 5. Nf3 Nf6 6. Be2 Bf5 7. c4 Qd6 8. d5 Ne5 9. Nc3 a6 10. 0-0 g6 11. Re1 Nfg4 12. g3 Bg7 13. Nh4 Qd7 14. f4 g5 15. Nxf5 Qxf5 16. Rf1 Nxc4 17. Bxg4 Bd4+ 18. Qxd4 1-0

[Event "HUN-chT2 Szechenyi 0203"]
[Site "Hungary"]
[Date "2003.04.06"]
[Round "10"]
[White "Kirchner, Peter"]
[Black "Barson, Laszlo"]
[Result "1-0"]
[WhiteElo "2004"]
[BlackElo "2002"]
[PlyCount "37"]
[EventDate "2002.09.22"]
[EventType "team-tourn"]
[EventRounds "11"]
[EventCountry "HUN"]
[SourceTitle "EXT 2009"]
[Source "ChessBase"]
[SourceDate "2008.11.26"]
[SourceVersion "1"]
[SourceVersionDate "2008.11.26"]
[SourceQuality "1"]

1. e4 c5 2. c3 d5 3. exd5 Qxd5 4. d4 Nf6 5. Nf3 Bg4 6. Be2 e6 7. Na3 Nc6 8. 0-0 cxd4 9. Nb5 Qd8 10. Nfxd4 Bxe2 11. Qxe2 Nxd4 12. Nxd4 a6 13. Bg5 Be7 14. Rfd1 Qa5 15. Bxf6 Bxf6 16. Nxe6 fxe6 17. Qxe6+ Kf8 18. Rd5 Qc7 19. Rd7 1-0

[Event "HUN-chT2 Szechenyi 0203"]
[Site "Hungary"]
[Date "2002.12.08"]
[Round "4"]
[White "Kirchner, Peter"]
[Black "Vilaghy, Andras"]
[Result "0-1"]
[WhiteElo "2004"]
[BlackElo "1965"]
[PlyCount "138"]
[EventDate "2002.09.22"]
[EventType "team-tourn"]
[EventRounds "11"]
[EventCountry "HUN"]
[SourceTitle "EXT 2009"]
[Source "ChessBase"]
[SourceDate "2008.11.26"]
[SourceVersion "1"]
[SourceVersionDate "2008.11.26"]
[SourceQuality "1"]

1. e4 e5 2. Nc3 Nc6 3. Bc4 Nf6 4. d3 Bc5 5. Bg5 h6 6. Bh4 d6 7. Nd5 g5 8. Qf3 Nxd5 9. Bxd5 Qe7 10. Bg3 h5 11. h3 a5 12. Bxc6+ bxc6 13. Qe2 Be6 14. f3 f6 15. Bf2 d5 16. c3 Bb6 17. Qc2 Kf7 18. Ne2 Rad8 19. b3 Qd6 20. Ng3 h4 21. Ne2 dxe4 22. dxe4 Rd7 23. c4 Qb4+ 24. Qc3 Rhd8 25. c5 Ba7 26. Qxb4 axb4 27. Be3 Rd3 28. Kf2 Rxe3 29. Rac1 Red3 30. Rc2 Ke7 31. Rb1 f5 32. Rbc1 fxe4 33. fxe4 Rf8+ 34. Kg1 Re3 35. Rf1 Rxf1+ 36. Kxf1 Rxe4 37. Kf2 Bd5 38. g3 hxg3+ 39. Kxg3 Re3+ 40. Kh2 Be6 41. Ng3 Rc3 42. Re2 Bxc5 43. Kg2 Bd6 44. Kf2 Bxh3 45. Ne4 Rd3 46. Nxg5 Bg4 47. Rc2 Rc3 48. Rd2 Bf5 49. Re2 Rc2 50. Nf3 Rxe2+ 51. Kxe2 Bg4 52. Ke3 Bxf3 53. Kxf3 Kf6 54. Ke4 Kg5 55. Kd3 Kf4 56. a4 bxa3 57. Kc2 e4 58. b4 Bxb4 59. Kb3 e3 60. Kxb4 a2 61. Kc5 a1Q 62. Kxc6 e2 63. Kd7 Qf6 64. Kc8 c5 65. Kd7 Ke5 66. Kc7 c4 67. Kd7 Qd6+ 68. Ke8 Qc7 69. Kf8 Kf6 0-1

[Event "HUN-ch op"]
[Site "Zalakaros"]
[Date "2001.??.??"]
[Round "8"]
[White "Gaber, Jozsef"]
[Black "Kirchner, Peter"]
[Result "1-0"]
[WhiteElo "2139"]
[BlackElo "2051"]
[PlyCount "121"]
[EventDate "2001.??.??"]
[EventType "swiss"]
[EventRounds "9"]
[EventCountry "HUN"]
[SourceTitle "EXT 2002"]
[Source "ChessBase"]
[SourceDate "2001.11.25"]
[SourceVersion "1"]
[SourceVersionDate "2001.11.25"]
[SourceQuality "1"]

1. e4 g6 2. d4 d6 3. Nc3 Bg7 4. Be2 c6 5. a4 Nf6 6. Bg5 h6 7. Be3 0-0 8. Qd2 Kh7 9. h3 e5 10. Nf3 Qe7 11. dxe5 dxe5 12. 0-0-0 Re8 13. g4 Qb4 14. Qd6 Qxd6 15. Rxd6 Kg8 16. Bc4 Nbd7 17. g5 Bf8 18. Rdd1 hxg5 19. Nxg5 Re7 20. Bb3 Nh5 21. Rhg1 Kg7 22. Bxf7 b6 23. Bb3 Ndf6 24. Rd8 Ne8 25. Ne6+ Bxe6 26. Rxa8 Bxh3 27. Rd1 Bd7 28. Rxd7 Rxd7 29. Rxe8 Bd6 30. Bg5 Nf6 31. Rc8 Bc7 32. f3 a6 33. Nd1 b5 34. axb5 axb5 35. Ne3 Bd8 36. Rxc6 Ng4 37. Nxg4 Bxg5+ 38. Kb1 Rd1+ 39. Ka2 Rd7 40. Bd5 Ra7+ 41. Kb3 Bf4 42. Rb6 g5 43. Rxb5 Rc7 44. Rb8 Bc1 45. c4 Ra7 46. Nxe5 Bf4 47. Rg8+ Kh7 48. Re8 Bxe5 49. Rxe5 Rg7 50. c5 g4 51. Rh5+ Kg6 52. fxg4 Rc7 53. c6 Ra7 54. Rh3 Kf6 55. Rc3 Rc7 56. Kc4 Kg5 57. b4 Kf6 58. b5 Ke7 59. b6 Rc8 60. b7 Rc7 61. Rf3 1-0

[Event "HUN-ch op"]
[Site "Zalakaros"]
[Date "2001.??.??"]
[Round "1"]
[White "Kirchner, Peter"]
[Black "Kustar, Sandor"]
[Result "0-1"]
[WhiteElo "2051"]
[BlackElo "2370"]
[PlyCount "34"]
[EventDate "2001.??.??"]
[EventType "swiss"]
[EventRounds "9"]
[EventCountry "HUN"]
[SourceTitle "EXT 2002"]
[Source "ChessBase"]
[SourceDate "2001.11.25"]
[SourceVersion "1"]
[SourceVersionDate "2001.11.25"]
[SourceQuality "1"]

1. e4 c5 2. c3 d5 3. exd5 Qxd5 4. Nf3 g6 5. d4 Bg7 6. Na3 Nh6 7. Be2 cxd4 8. cxd4 0-0 9. Bd2 Nf5 10. Bc3 Nc6 11. Nb5 Re8 12. g4 Nh4 13. Rg1 Nxf3+ 14. Bxf3 Qxb5 15. h4 Rd8 16. Bxc6 bxc6 17. h5 e5 0-1